Baptistae Egnatii Veneti di Romanis principibus, libri III (Record no. 5635)

MARC details
000 -CABECERA
campo de control de longitud fija 01187nam a2200325 a 4500
001 - NÚMERO DE CONTROL
campo de control BRCA_5946
005 - FECHA Y HORA DE LA ÚLTIMA TRANSACCIÓN
campo de control 20190320205255.0
008 - DATOS DE LONGITUD FIJA--INFORMACIÓN GENERAL
campo de control de longitud fija 240311s1547----it-#######---#000-0#lat-#
041 ## - CÓDIGO DE LENGUA
Código de lengua del texto/banda sonora o título independiente lat
044 ## - CÓDIGO DEL PAÍS DE LA ENTIDAD EDITORA/PRODUCTORA
Código MARC del país it
050 #4 - SIGNATURA TOPOGRÁFICA DE LA BIBLIOTECA DEL CONGRESO
Número de clasificación PA2084
Número de documento/Ítem .S84 1547
100 1# - ENTRADA PRINCIPAL--NOMBRE DE PERSONA
Nombre de persona Svetonii, C.
9 (RLIN) 15017
245 10 - MENCIÓN DE TÍTULO
Título Baptistae Egnatii Veneti di Romanis principibus, libri III
Resto del título Eiusdem Annotationes in Suetonium.
260 ## - PUBLICACIÓN, DISTRIBUCIÓN, ETC.
Lugar de publicación, distribución, etc. Lvgdvni
Nombre del editor, distribuidor, etc. Apud Sebgryphium Lugduni
Fecha de publicación, distribución, etc. 1547
300 ## - DESCRIPCIÓN FÍSICA
Extensión 632 p.
Dimensiones 12 cm.
500 ## - NOTA GENERAL
Nota general Título del lomo: Gai Suelonij
500 ## - NOTA GENERAL
Nota general Con colofón y firma de B. Cordero
500 ## - NOTA GENERAL
Nota general Estado físico: tiene dos agujeros en las tapas que podrían ser de los cintillos que ya no están
500 ## - NOTA GENERAL
Nota general Fondo antiguo
500 ## - NOTA GENERAL
Nota general Se encuentra en Caja Fuerte
500 ## - NOTA GENERAL
Nota general H-147
500 ## - NOTA GENERAL
Nota general Incluye índice
500 ## - NOTA GENERAL
Nota general Con Ex- libris de: Franz Mayer
500 ## - NOTA GENERAL
Nota general Nota de encuadernación: en piel pergamino desprendida del lomo
506 0# - NOTA DE RESTRICCIONES AL ACCESO
Limitaciones de acceso Fondo reservado: para su consulta es necesario credencial de usuario y carta de motivos
650 14 - PUNTO DE ACCESO ADICIONAL DE MATERIA--TÉRMINO DE MATERIA
Término de materia o nombre geográfico como elemento de entrada Lengua latina
Subdivisión general Estudio y enseñanza
9 (RLIN) 15018
650 14 - PUNTO DE ACCESO ADICIONAL DE MATERIA--TÉRMINO DE MATERIA
Término de materia o nombre geográfico como elemento de entrada Lengua latina
Subdivisión general Gramática
9 (RLIN) 15019
902 ## - CATALOGADOR
Iniciales LAR
942 ## - ELEMENTOS DE PUNTO DE ACCESO ADICIONAL (KOHA)
Fuente del sistema de clasificación o colocación Library of Congress Classification
Tipo de ítem Koha Libros
Holdings
Estado de retiro Estado de pérdida Estado dañado No para préstamo Código de colección Localización permanente Ubicación/localización actual Fecha de adquisición Número de inventario Total de préstamos Signatura topográfica completa Código de barras Fecha visto por última vez Precio válido a partir de Tipo de ítem Koha
El ejemplar forma parte de la colección y puede ser consultado según las políticas vigentes.       Libros Antiguos y Raros Biblioteca del Museo Franz Mayer (Rogerio Casas-Alatriste) Biblioteca del Museo Franz Mayer (Rogerio Casas-Alatriste) 21/12/2016 H-147   PA2084 .S84 1547 (H-147) LAR00005 22/03/2019 22/03/2019 Libros